Chinese approaches to family planning /

Bibliographic Details
Other Authors: Dunn, Robert, 1915-, Orleans, Leo A., Han, Hsiang-yang
Format: Book
Language:English
Chinese
Published: White Plains, N.Y. : M. E. Sharpe, [1979]
Series:China book project.
Subjects:

MARC

Tag First Indicator Second Indicator Subfields
LEADER 00000cam a2200000 i 4500
001 in00000057512
005 20151007082152.0
008 791220s1979 nyua 00000 eng
010 |a  79064372  
020 |a 0873321391 
035 |a (OCoLC)05764326 
035 |9 AAF7477AM 
040 |a DLC  |c DLC  |d TXA  |d UtOrBLW 
041 1 |a eng  |a chi 
043 |a a-cc--- 
049 |a TXAM  |c [1159515] 
050 0 0 |a HQ766.5.C6  |b C453 
082 0 |a 613.9/4/0951 
245 0 0 |a Chinese approaches to family planning /  |c translated by Robert Dunn ; edited with an introd. by Leo A. Orleans. 
264 1 |a White Plains, N.Y. :  |b M. E. Sharpe,  |c [1979] 
264 4 |c ©1979 
300 |a vii, 224 pages :  |b illustrations ;  |c 24 cm. 
336 |a text  |b txt  |2 rdacontent 
337 |a unmediated  |b n  |2 rdamedia 
338 |a volume  |b nc  |2 rdacarrier 
490 1 |a The China book project 
500 |a Translation of Chi hua sheng yu wen i hsuan chuan tsai liao hui pien and Chi hua sheng yu chih shih wen ta. 
500 |a Includes a song in number notation, with words in Chinese. 
500 |a Appendices (pages 195-223): Editor's introduction.--China on the population question.--Party secretaries take command in mobilizing the whole party in doing a still better job in family planning.--Tsao, A. H. Family planning in Jutung County. 
505 0 |a 1. Literature and art propaganda, source materials on family planning.--2. Questions and answers on information about family planning. 
650 0 |a Birth control  |z China. 
700 1 |a Dunn, Robert,  |d 1915- 
700 1 |a Orleans, Leo A. 
700 1 2 |a Han, Hsiang-yang.  |t Chi hua sheng yu chih shih wen ta. English. 1979. 
730 0 2 |a Chi hua sheng yu wen i hsuan chuan tsai liao hui pien. Ti 2 chi. English. 1979. 
740 0 |a Chi hua sheng yu chih shih wen ta. 
830 0 |a China book project. 
999 |a MARS 
999 f f |s b199a042-16c4-39f5-889f-93cd4e3574c6  |i 27c75752-924a-37f0-b986-62634737c764  |t 0 
952 f f |p ric  |a Texas A&M University  |b Rellis Campus  |c Joint Library Facility  |d Remote Storage  |t 0  |e HQ766.5.C6 C453  |h Library of Congress classification  |i unmediated -- volume  |m A14802964817 
998 f f |a HQ766.5.C6 C453  |t 0  |l Remote Storage